[Event "Belgrade Radnicki IM 2nd 03"]
[Site "Belgrade"]
[Date "2024.03.25"]
[Round "6"]
[White "Mijatovic, Dusan"]
[Black "Popchev, Milko"]
[Result "1/2-1/2"]
[WhiteElo "2145"]
[BlackElo "2171"]
[PlyCount "21"]
[EventDate "2024.03.21"]
[EventType "tourn"]
[EventRounds "9"]
[EventCountry "SRB"]
[SourceTitle "CB15_2024"]
[SourceDate "2024.04.10"]
[SourceVersion "1"]
[SourceVersionDate "2024.04.10"]
[SourceQuality "1"]

1. e4 d6 2. d4 c6 3. Nc3 b5 4. a4 b4 5. Na2 a5 6. c3 bxc3 7. Nxc3 Ba6 8. Bxa6 Nxa6 9. Nf3 g6 10. 0-0 Bg7 11. d5 1/2-1/2

[Event "Pozarevac Rudar FM-B 01"]
[Site "Pozarevac"]
[Date "2024.02.03"]
[Round "5.3"]
[White "Popchev, Milko"]
[Black "Chaitanya, V."]
[Result "1-0"]
[WhiteElo "2193"]
[BlackElo "1717"]
[PlyCount "93"]
[EventDate "2024.01.31"]
[EventType "tourn"]
[EventRounds "10"]
[EventCountry "SRB"]
[SourceTitle "CB07_2024"]
[SourceDate "2024.02.14"]
[SourceVersion "1"]
[SourceVersionDate "2024.02.14"]
[SourceQuality "1"]
[WhiteTeam "TIeam A"]
[BlackTeam "TIeam B"]
[WhiteTeamCountry "SRB"]
[BlackTeamCountry "SRB"]

1. d4 Nf6 2. g3 g6 3. Bg2 Bg7 4. e4 d6 5. Nc3 0-0 6. Nge2 e5 7. 0-0 exd4 8. Nxd4 Nc6 9. Nxc6 bxc6 10. e5 dxe5 11. Qxd8 Rxd8 12. Bxc6 Rb8 13. b3 Rd6 14. Bg2 Bf5 15. Be3 a6 16. Rac1 Re8 17. Rfe1 Rdd8 18. h3 h5 19. Bg5 Rd6 20. Re2 Nh7 21. Be3 e4 22. Na4 Be5 23. c4 Bf6 24. Bf4 Be5 25. Bxe5 Rxe5 26. Rce1 Ng5 27. Nc3 Ree6 28. Nxe4 Bxe4 29. Bxe4 Nxh3+ 30. Kg2 Ng5 31. Bb7 Rxe2 32. Rxe2 Ne6 33. Bd5 Kg7 34. b4 Kf6 35. a4 c6 36. Bf3 Nd4 37. Rd2 Ke5 38. Bd1 Ke4 39. c5 Rf6 40. Kf1 Ke5 41. Be2 Nf5 42. f4+ Ke4 43. Kf2 Nd4 44. Bd3+ Kd5 45. Bxa6 g5 46. Ke3 Re6+ 47. Kd3 1-0

[Event "Pozarevac Rudar FM 01"]
[Site "Pozarevac"]
[Date "2024.01.26"]
[Round "3.3"]
[White "Popchev, Milko"]
[Black "Harshit, Amarnani"]
[Result "1-0"]
[WhiteElo "2193"]
[BlackElo "1811"]
[PlyCount "69"]
[EventDate "2024.01.24"]
[EventType "schev"]
[EventRounds "10"]
[EventCountry "SRB"]
[SourceTitle "CB06_2024"]
[SourceDate "2024.02.07"]
[SourceVersion "1"]
[SourceVersionDate "2024.02.07"]
[SourceQuality "1"]
[WhiteTeam "Team A"]
[BlackTeam "Team B"]
[WhiteTeamCountry "SRB"]
[BlackTeamCountry "SRB"]

1. c4 e6 2. g3 Nf6 3. Bg2 d5 4. Nf3 Be7 5. 0-0 0-0 6. d3 Nbd7 7. Nc3 b6 8. e4 dxe4 9. dxe4 e5 10. Qe2 Bb7 11. Rd1 Qc8 12. Bh3 Bd6 13. Nh4 Re8 14. Nf5 Bf8 15. Bg5 Qb8 16. Nxg7 Bxg7 17. Bxd7 Nxd7 18. Rxd7 Bc8 19. Rd2 c6 20. Rad1 Qc7 21. Qh5 Be6 22. Qh4 Bxc4 23. Rd7 Qc8 24. Bf6 Bxf6 25. Qxf6 Be6 26. R7d6 Qc7 27. Qg5+ Kf8 28. Qxe5 Rad8 29. f4 Rxd6 30. Rxd6 Bc8 31. Qh8+ Ke7 32. Qf6+ Kf8 33. e5 Kg8 34. Ne4 b5 35. Qh6 1-0

[Event "Pozarevac Rudar 16th"]
[Site "Pozarevac"]
[Date "2023.08.18"]
[Round "8"]
[White "Ilincic, Zlatko"]
[Black "Popchev, Milko"]
[Result "1/2-1/2"]
[WhiteElo "2328"]
[BlackElo "2232"]
[PlyCount "28"]
[EventDate "2023.08.11"]
[EventType "tourn"]
[EventRounds "9"]
[EventCountry "SRB"]
[EventCategory "1"]
[SourceTitle "EXT 2024"]
[Source "ChessBase"]
[SourceDate "2023.10.10"]
[SourceVersion "1"]
[SourceVersionDate "2023.10.10"]
[SourceQuality "1"]

1. e4 d5 2. exd5 Nf6 3. d4 Nxd5 4. Nf3 Bf5 5. Bd3 Bxd3 6. Qxd3 c6 7. c4 Nf6 8. 0-0 e6 9. Nc3 Be7 10. Bg5 0-0 11. Rad1 Nbd7 12. Rfe1 Re8 13. h3 Nf8 14. a3 N6d7 1/2-1/2